000 00607nam a2200205 a 4500
005 20210219153854.0
008 011001s1994 ag r 000 0 spa d
020 _a9508080477
035 _aUPN01000112316
049 _aCG
050 4 _aRJ504.2
_bH5.6
100 1 _aHillert, Rebeca
245 1 0 _aNiños y analistas en análisis /
_cRebeca Hillert.
260 _aRosario, Arg. :
_bHomo Sapiens,
_c1994.
300 _a147 p.
440 3 _aLa clínica en los bordes ;
_v6
650 4 _aPSICOTERAPIA INFANTIL -
_xCASOS, INFORMES CLINICOS, ESTADISTICA
650 4 _aPSICOANALISIS INFANTIL
905 _aLibro
999 _c86224
_d86224